Pourquoi je bois de l'alcool - Statistiques

Statistiques générales
  • Ce quiz a été pris 135 fois
    133 depuis la dernière actualisation
  • Le résultat moyen est 8 sur 59
Statistiques - réponses
Pourquoi je bois de l'alcool ? % Correct
a,
70%
je
50%
que
38%
Ce
35%
de
35%
la
35%
la
35%
la
35%
Parce
35%
c'est
19%
pas
19%
qui
19%
qui
19%
qui
19%
et
18%
et
18%
me
18%
les
16%
qu'il
16%
suis
16%
un
16%
un
16%
un
16%
des
15%
dans
12%
une
12%
une
12%
une
12%
L'alcool,
11%
mais
11%
y
11%
avec
9%
n'est
9%
fait
8%
mes
7%
chaque
4%
danse
4%
d'oubli
4%
éclat
4%
gorgée,
4%
liquide
4%
poésie
4%
promesse
4%
pudeur
4%
rapelle
4%
soirées
4%
trop
4%
vérité.
4%
vivant.
4%
chaleur
3%
émotions,
3%
feu
3%
fondre
3%
fuite,
3%
longues,
3%
âmes
2%
doux
2%
instant.
2%
lie
2%
Aucun quiz correspondant
Distribution des résultats
% des personnes avec chaque résultat
Percentile par nombre de réponses
Votre historique - résultats
Vous n’avez pas pris ce quiz depuis la dernière actualisation